[Event "T-Director's Swiss sytem"]
[Site "playchess.com #662980"]
[Date "2014.03.16"]
[Round "5"]
[White "Whn"]
[Black "Ultimatewinner_a"]
[Result "0-1"]
[WhiteElo "1679"]
[BlackElo "2016"]
[PlyCount "90"]
[EventDate "2014.03.16"]
[EventType "swiss (blitz)"]

1. e4 {[%emt 0:00:02]} e5 {[%emt 0:00:01]} 2. Nf3 {[%emt 0:00:01]} Nc6 {[%emt
0:00:01]} 3. Nc3 {[%emt 0:00:01]} Nf6 {[%emt 0:00:03]} 4. d3 {[%emt 0:00:01]}
Bb4 {[%emt 0:00:07]} 5. Bd2 {[%emt 0:00:01]} d5 {[%emt 0:00:05]} 6. exd5 {
[%emt 0:00:02]} Nxd5 {[%emt 0:00:02]} 7. Nxd5 {[%emt 0:00:03]} Bxd2+ {[%emt 0:
00:01]} 8. Qxd2 {[%emt 0:00:02]} Qxd5 {[%emt 0:00:00]} 9. Be2 {[%emt 0:00:12]}
Nd4 {[%emt 0:00:18]} 10. Nxd4 {[%emt 0:00:33]} Qxd4 {[%emt 0:00:15]} 11. O-O {
[%emt 0:00:10]} Qxb2 {[%emt 0:00:10]} 12. Rfb1 {[%emt 0:00:20]} Qd4 {[%emt 0:
00:03]} 13. Bf3 {[%emt 0:00:02]} c6 {[%emt 0:00:04]} 14. c3 {[%emt 0:00:21]}
Qd6 {[%emt 0:00:04]} 15. Qg5 {[%emt 0:00:15]} O-O {[%emt 0:00:07]} 16. Rd1 {
[%emt 0:00:18]} h6 {[%emt 0:00:02]} 17. Qe3 {[%emt 0:00:08]} Bf5 {[%emt 0:00:
11]} 18. h3 {[%emt 0:00:02]} Rad8 {[%emt 0:00:06]} 19. d4 {[%emt 0:00:06]} exd4
{[%emt 0:00:05]} 20. Rxd4 {[%emt 0:00:02]} Qg6 {[%emt 0:00:05]} 21. Rxd8 {
[%emt 0:00:29]} Rxd8 {[%emt 0:00:00]} 22. Qe7 {[%emt 0:00:01]} Rd7 {[%emt 0:00:
05]} 23. Qe8+ {[%emt 0:00:07]} Kh7 {[%emt 0:00:04]} 24. Kh1 {[%emt 0:00:04]}
Qe6 {[%emt 0:00:09]} 25. Qb8 {[%emt 0:00:10]} a6 {[%emt 0:00:11]} 26. Qf4 {
[%emt 0:00:16]} Bg6 {[%emt 0:00:18]} 27. Bg4 {[%emt 0:00:07]} f5 {[%emt 0:00:
04]} 28. Bf3 {[%emt 0:00:03]} Qd6 {[%emt 0:00:03]} 29. Qe3 {[%emt 0:00:09]} Re7
{[%emt 0:00:05]} 30. Qb6 {[%emt 0:00:08]} Qf6 {[%emt 0:00:06]} 31. Qc5 {[%emt
0:00:02]} Re5 {[%emt 0:00:07]} 32. Qb4 {[%emt 0:00:01]} Qe7 {[%emt 0:00:03]}
33. Qf4 {[%emt 0:00:06]} Re1+ {[%emt 0:00:05]} 34. Rxe1 {[%emt 0:00:02]} Qxe1+
{[%emt 0:00:00]} 35. Kh2 {[%emt 0:00:00]} Qxc3 {[%emt 0:00:01]} 36. a4 {[%emt
0:00:06]} Qc5 {[%emt 0:00:08]} 37. Bd1 {[%emt 0:00:13]} b5 {[%emt 0:00:14]} 38.
axb5 {[%emt 0:00:02]} cxb5 {[%emt 0:00:03]} 39. Bb3 {[%emt 0:00:06]} Qc3 {
[%emt 0:00:29]} 40. Be6 {[%emt 0:00:13]} Qf6 {[%emt 0:00:04]} 41. Ba2 {[%emt 0:
00:05]} Bf7 {[%emt 0:00:02]} 42. Bb1 {[%emt 0:00:04]} Be6 {[%emt 0:00:02]} 43.
g4 {[%emt 0:00:03]} g5 {[%emt 0:00:02]} 44. Bxf5+ {[%emt 0:00:02]} Bxf5 {[%emt
0:00:01]} 45. Qc7+ {[%emt 0:00:04]} Qg7 {[%emt 0:00:06] Whn Ñäàåòñÿ} 0-1

[Event "T-Director's Swiss sytem"]
[Site "playchess.com #662980"]
[Date "2014.03.16"]
[Round "6"]
[White "Zngor"]
[Black "Fabdraguignan"]
[Result "1-0"]
[WhiteElo "1668"]
[BlackElo "1633"]
[PlyCount "35"]
[EventDate "2014.03.16"]
[EventType "swiss (blitz)"]

1. c4 {[%emt 0:00:04]} e5 {[%emt 0:00:02]} 2. Nc3 {[%emt 0:00:02]} Nc6 {[%emt
0:00:05]} 3. g3 {[%emt 0:00:05]} g6 {[%emt 0:00:03]} 4. Bg2 {[%emt 0:00:01]}
Bg7 {[%emt 0:00:01]} 5. e4 {[%emt 0:00:01]} Nge7 {[%emt 0:00:02]} 6. Nge2 {
[%emt 0:00:02]} d6 {[%emt 0:00:02]} 7. O-O {[%emt 0:00:01]} O-O {[%emt 0:00:03]
} 8. d3 {[%emt 0:00:01]} Nd4 {[%emt 0:00:05]} 9. Nxd4 {[%emt 0:00:07]} exd4 {
[%emt 0:00:02]} 10. Ne2 {[%emt 0:00:01]} c5 {[%emt 0:00:10]} 11. Bg5 {[%emt 0:
00:04]} h6 {[%emt 0:00:04]} 12. Bf4 {[%emt 0:00:02]} g5 {[%emt 0:00:13]} 13.
Bd2 {[%emt 0:00:04]} Ng6 {[%emt 0:00:01]} 14. f4 {[%emt 0:00:03]} g4 {[%emt 0:
00:17]} 15. f5 {[%emt 0:00:16]} Ne5 {[%emt 0:00:03]} 16. Bf4 {[%emt 0:00:06]}
h5 {[%emt 0:00:07]} 17. Qd2 {[%emt 0:00:10]} Qf6 {[%emt 0:00:09]} 18. Bg5 {
[%emt 0:00:11] Fabdraguignan abandonne} 1-0

[Event "T-Director's Swiss sytem"]
[Site "playchess.com #662980"]
[Date "2014.03.16"]
[Round "1"]
[White "Zngor"]
[Black "Papadosor"]
[Result "0-1"]
[WhiteElo "1665"]
[BlackElo "2378"]
[PlyCount "62"]
[EventDate "2014.03.16"]
[EventType "swiss (blitz)"]

1. c4 {[%emt 0:00:05]} Nf6 {[%emt 0:00:01]} 2. Nc3 {[%emt 0:00:02]} g6 {[%emt
0:00:01]} 3. e4 {[%emt 0:00:01]} d6 {[%emt 0:00:01]} 4. g3 {[%emt 0:00:01]} Bg7
{[%emt 0:00:01]} 5. Bg2 {[%emt 0:00:01]} O-O {[%emt 0:00:01]} 6. Nge2 {[%emt 0:
00:01]} Nc6 {[%emt 0:00:05]} 7. O-O {[%emt 0:00:02]} e5 {[%emt 0:00:01]} 8. d3
{[%emt 0:00:01]} a6 {[%emt 0:00:03]} 9. Bg5 {[%emt 0:00:02]} h6 {[%emt 0:00:02]
} 10. Be3 {[%emt 0:00:01]} Rb8 {[%emt 0:00:01]} 11. h3 {[%emt 0:00:03]} b5 {
[%emt 0:00:02]} 12. Qd2 {[%emt 0:00:04]} Be6 {[%emt 0:00:03]} 13. cxb5 {[%emt
0:00:15]} axb5 {[%emt 0:00:02]} 14. Bxh6 {[%emt 0:00:01]} b4 {[%emt 0:00:01]}
15. Nd5 {[%emt 0:00:06]} Bxd5 {[%emt 0:00:12]} 16. exd5 {[%emt 0:00:01]} Ne7 {
[%emt 0:00:01]} 17. Bg5 {[%emt 0:00:16]} Qd7 {[%emt 0:00:08]} 18. Bh6 {[%emt 0:
00:36]} Nfxd5 {[%emt 0:00:07]} 19. Bxg7 {[%emt 0:00:01]} Kxg7 {[%emt 0:00:01]}
20. d4 {[%emt 0:00:03]} exd4 {[%emt 0:00:13]} 21. Qxd4+ {[%emt 0:00:03]} Nf6 {
[%emt 0:00:01]} 22. Nf4 {[%emt 0:00:09]} Nf5 {[%emt 0:00:07]} 23. Qd2 {[%emt 0:
00:18]} c5 {[%emt 0:00:06]} 24. Nd5 {[%emt 0:00:12]} Nxd5 {[%emt 0:00:04]} 25.
Qxd5 {[%emt 0:00:05]} Nd4 {[%emt 0:00:04]} 26. Qc4 {[%emt 0:00:20]} Rfe8 {
[%emt 0:00:06]} 27. Rfe1 {[%emt 0:00:04]} Re7 {[%emt 0:00:06]} 28. Rxe7 {[%emt
0:00:21]} Qxe7 {[%emt 0:00:02]} 29. a4 {[%emt 0:00:03]} bxa3 {[%emt 0:00:02]}
30. bxa3 {[%emt 0:00:03]} Qe5 {[%emt 0:00:11]} 31. Qd5 {[%emt 0:00:19]} Ne2+ {
[%emt 0:00:05] Zngor resigns} 0-1

[Event "T-Director's Swiss sytem"]
[Site "playchess.com #662980"]
[Date "2014.03.16"]
[Round "5"]
[White "Zngor"]
[Black "Saint-Michel"]
[Result "0-1"]
[WhiteElo "1685"]
[BlackElo "1682"]
[PlyCount "110"]
[EventDate "2014.03.16"]
[EventType "swiss (blitz)"]

1. c4 {[%emt 0:00:05]} e6 {[%emt 0:00:06]} 2. Nc3 {[%emt 0:00:05]} d5 {[%emt 0:
00:01]} 3. e3 {[%emt 0:00:06]} c5 {[%emt 0:00:02]} 4. cxd5 {[%emt 0:00:02]}
exd5 {[%emt 0:00:02]} 5. d4 {[%emt 0:00:01]} Nf6 {[%emt 0:00:05]} 6. Nf3 {
[%emt 0:00:03]} Nc6 {[%emt 0:00:02]} 7. Bb5 {[%emt 0:00:02]} Bd7 {[%emt 0:00:
06]} 8. O-O {[%emt 0:00:06]} cxd4 {[%emt 0:00:02]} 9. exd4 {[%emt 0:00:04]} Be7
{[%emt 0:00:04]} 10. Re1 {[%emt 0:00:05]} O-O {[%emt 0:00:02]} 11. Bg5 {[%emt
0:00:06]} Be6 {[%emt 0:00:13] Saint-Michel Ïðåäëàãàåò íè~~üo^} 12. a3 {[%emt 0:
00:32]} a6 {[%emt 0:00:04]} 13. Bd3 {[%emt 0:00:05]} h6 {[%emt 0:00:02]} 14.
Bh4 {[%emt 0:00:04]} Bg4 {[%emt 0:00:08]} 15. h3 {[%emt 0:00:07]} Bh5 {[%emt 0:
00:04]} 16. Rc1 {[%emt 0:00:15]} Bxf3 {[%emt 0:00:06]} 17. Qxf3 {[%emt 0:00:11]
} Nxd4 {[%emt 0:00:02]} 18. Qf4 {[%emt 0:00:11]} Ne6 {[%emt 0:00:13]} 19. Qf5 {
[%emt 0:00:11]} Nd4 {[%emt 0:00:14]} 20. Qe5 {[%emt 0:00:23]} Nc6 {[%emt 0:00:
07]} 21. Qf4 {[%emt 0:00:19]} Bd6 {[%emt 0:00:20]} 22. Qd2 {[%emt 0:00:37]} Be7
{[%emt 0:00:16]} 23. Bb1 {[%emt 0:00:13]} d4 {[%emt 0:00:08]} 24. Ne2 {[%emt 0:
00:31]} Re8 {[%emt 0:00:38]} 25. Qd3 {[%emt 0:00:22]} Ne5 {[%emt 0:00:17]} 26.
Qf5 {[%emt 0:00:05]} Ng6 {[%emt 0:00:09]} 27. Bxf6 {[%emt 0:00:08]} Bxf6 {
[%emt 0:00:03]} 28. Nf4 {[%emt 0:00:08]} Rxe1+ {[%emt 0:00:41]} 29. Rxe1 {
[%emt 0:00:03]} Qc8 {[%emt 0:00:11]} 30. Nxg6 {[%emt 0:00:11]} Qxf5 {[%emt 0:
00:08]} 31. Bxf5 {[%emt 0:00:04]} fxg6 {[%emt 0:00:04]} 32. Bxg6 {[%emt 0:00:
01]} Rd8 {[%emt 0:00:09]} 33. Rd1 {[%emt 0:00:06]} Kf8 {[%emt 0:00:11]} 34. Be4
{[%emt 0:00:05]} b6 {[%emt 0:00:05]} 35. Bd3 {[%emt 0:00:02]} a5 {[%emt 0:00:
04]} 36. Rc1 {[%emt 0:00:03]} Ke7 {[%emt 0:00:10]} 37. Rc6 {[%emt 0:00:03]} Rd6
{[%emt 0:00:03]} 38. Rc7+ {[%emt 0:00:05]} Rd7 {[%emt 0:00:01]} 39. Rc8 {[%emt
0:00:03]} Be5 {[%emt 0:00:10]} 40. g3 {[%emt 0:00:04]} Kd6 {[%emt 0:00:09]} 41.
f4 {[%emt 0:00:09]} Bf6 {[%emt 0:00:03]} 42. Kg2 {[%emt 0:00:07]} Rc7 {[%emt 0:
00:02]} 43. Rxc7 {[%emt 0:00:05]} Kxc7 {[%emt 0:00:02]} 44. Kf3 {[%emt 0:00:01]
} Kd6 {[%emt 0:00:03]} 45. Ke4 {[%emt 0:00:01]} Kc5 {[%emt 0:00:03]} 46. g4 {
[%emt 0:00:06]} g5 {[%emt 0:00:08]} 47. f5 {[%emt 0:00:05]} Kd6 {[%emt 0:00:02]
} 48. Bc4 {[%emt 0:00:02]} Be5 {[%emt 0:00:03]} 49. Bb5 {[%emt 0:00:02]} d3 {
[%emt 0:00:06]} 50. Bxd3 {[%emt 0:00:04]} Bxb2 {[%emt 0:00:01]} 51. a4 {[%emt
0:00:01]} Bf6 {[%emt 0:00:04]} 52. Bb5 {[%emt 0:00:01]} Kc5 {[%emt 0:00:02]}
53. Kd3 {[%emt 0:00:03]} Kd5 {[%emt 0:00:03]} 54. Bc4+ {[%emt 0:00:02]} Ke5 {
[%emt 0:00:01]} 55. Ba6 {[%emt 0:00:03]} Kf4 {[%emt 0:00:03] . Time} 0-1

[Event "T-Director's Swiss sytem"]
[Site "playchess.com #662980"]
[Date "2014.03.16"]
[Round "9"]
[White "Zngor"]
[Black "vachefolle"]
[Result "1-0"]
[WhiteElo "1651"]
[BlackElo "1560"]
[PlyCount "58"]
[EventDate "2014.03.16"]
[EventType "swiss (blitz)"]

1. c4 {[%emt 0:00:03]} d6 {[%emt 0:00:11]} 2. Nc3 {[%emt 0:00:01]} Nf6 {[%emt
0:00:03]} 3. e4 {[%emt 0:00:01]} Bg4 {[%emt 0:00:03]} 4. Be2 {[%emt 0:00:06]}
Bxe2 {[%emt 0:00:01]} 5. Ngxe2 {[%emt 0:00:02]} Nbd7 {[%emt 0:00:01]} 6. d4 {
[%emt 0:00:04]} e6 {[%emt 0:00:01]} 7. Bg5 {[%emt 0:00:02]} Be7 {[%emt 0:00:01]
} 8. Qd2 {[%emt 0:00:03]} h6 {[%emt 0:00:01]} 9. Bh4 {[%emt 0:00:02]} O-O {
[%emt 0:00:01]} 10. O-O-O {[%emt 0:00:04]} d5 {[%emt 0:00:08]} 11. e5 {[%emt 0:
00:07]} Ne4 {[%emt 0:00:22]} 12. Bxe7 {[%emt 0:00:04]} Qxe7 {[%emt 0:00:02]}
13. Nxe4 {[%emt 0:00:07]} dxe4 {[%emt 0:00:01]} 14. Ng3 {[%emt 0:00:10]} c5 {
[%emt 0:00:02]} 15. Nxe4 {[%emt 0:00:07]} cxd4 {[%emt 0:00:05]} 16. Qxd4 {
[%emt 0:00:02]} Rac8 {[%emt 0:00:03]} 17. Nd6 {[%emt 0:00:05]} Rc6 {[%emt 0:00:
03]} 18. Kb1 {[%emt 0:00:14]} b6 {[%emt 0:00:11]} 19. f4 {[%emt 0:00:08]} Nc5 {
[%emt 0:00:11]} 20. h4 {[%emt 0:00:16]} Nb7 {[%emt 0:00:02]} 21. Qe4 {[%emt 0:
00:40]} Rc7 {[%emt 0:00:09]} 22. g4 {[%emt 0:00:05]} Nc5 {[%emt 0:00:25]} 23.
Qd4 {[%emt 0:00:13]} Rd7 {[%emt 0:00:04]} 24. g5 {[%emt 0:00:28]} h5 {[%emt 0:
00:07]} 25. Qe3 {[%emt 0:00:15]} Rfd8 {[%emt 0:00:06]} 26. g6 {[%emt 0:00:07]}
f5 {[%emt 0:00:15]} 27. Qf3 {[%emt 0:00:12]} Rxd6 {[%emt 0:01:25]} 28. exd6 {
[%emt 0:00:13]} Qf6 {[%emt 0:00:07]} 29. Qxh5 {[%emt 0:00:08]} Kf8 {[%emt 0:00:
06] vachefolle abandonne} 1-0

[Event "T-Director's Swiss sytem"]
[Site "playchess.com #662980"]
[Date "2014.03.16"]
[Round "9"]
[White "arminia69"]
[Black "Chrisj555"]
[Result "0-1"]
[WhiteElo "1717"]
[BlackElo "2047"]
[PlyCount "36"]
[EventDate "2014.03.16"]
[EventType "swiss (blitz)"]

1. e4 {[%emt 0:00:02]} e5 {[%emt 0:00:02]} 2. Nf3 {[%emt 0:00:01]} Nf6 {[%emt
0:00:04]} 3. d4 {[%emt 0:00:05]} Nxe4 {[%emt 0:00:01]} 4. dxe5 {[%emt 0:00:03]}
d5 {[%emt 0:00:01]} 5. Be2 {[%emt 0:00:08]} Be7 {[%emt 0:00:02]} 6. O-O {[%emt
0:00:02]} Bg4 {[%emt 0:00:01]} 7. Nbd2 {[%emt 0:00:09]} Nc6 {[%emt 0:00:01]} 8.
h3 {[%emt 0:00:07]} Bh5 {[%emt 0:00:01]} 9. c4 {[%emt 0:00:01]} O-O {[%emt 0:
00:09]} 10. cxd5 {[%emt 0:00:07]} Qxd5 {[%emt 0:00:01]} 11. Bc4 {[%emt 0:00:17]
} Qc5 {[%emt 0:00:06]} 12. Bxf7+ {[%emt 0:00:32]} Rxf7 {[%emt 0:00:05]} 13.
Nxe4 {[%emt 0:00:00]} Qb4 {[%emt 0:00:10]} 14. Qe2 {[%emt 0:01:38]} Nxe5 {
[%emt 0:00:15]} 15. Bd2 {[%emt 0:00:23]} Qb6 {[%emt 0:00:10]} 16. Be3 {[%emt 0:
00:26]} Qg6 {[%emt 0:00:03]} 17. Nh4 {[%emt 0:00:13]} Bxh4 {[%emt 0:00:05]} 18.
Qc2 {[%emt 0:00:15]} Bf3 {[%emt 0:00:07] arminia69 gibt auf} 0-1

[Event "T-Director's Swiss sytem"]
[Site "playchess.com #662980"]
[Date "2014.03.16"]
[Round "6"]
[White "arminia69"]
[Black "Mehdi1783"]
[Result "1-0"]
[WhiteElo "1715"]
[BlackElo "1524"]
[PlyCount "133"]
[EventDate "2014.03.16"]
[EventType "swiss (blitz)"]

1. e4 {[%emt 0:00:05]} c5 {[%emt 0:00:02]} 2. Nf3 {[%emt 0:00:02]} d6 {[%emt 0:
00:01]} 3. d4 {[%emt 0:00:00]} cxd4 {[%emt 0:00:01]} 4. Nxd4 {[%emt 0:00:00]}
Nf6 {[%emt 0:00:01]} 5. Nc3 {[%emt 0:00:01]} a6 {[%emt 0:00:03]} 6. a3 {[%emt
0:00:13]} e5 {[%emt 0:00:06]} 7. Nf3 {[%emt 0:00:05]} Nc6 {[%emt 0:00:05]} 8.
Bc4 {[%emt 0:00:03]} Be6 {[%emt 0:00:06]} 9. Bxe6 {[%emt 0:00:19]} fxe6 {[%emt
0:00:00]} 10. O-O {[%emt 0:00:13]} Be7 {[%emt 0:00:04]} 11. Be3 {[%emt 0:00:52]
} O-O {[%emt 0:00:05]} 12. Ng5 {[%emt 0:00:10]} Qd7 {[%emt 0:00:04]} 13. Bb6 {
[%emt 0:00:01]} h6 {[%emt 0:00:03]} 14. Nf3 {[%emt 0:00:02]} d5 {[%emt 0:00:09]
} 15. Qe2 {[%emt 0:00:29]} d4 {[%emt 0:00:17]} 16. Rad1 {[%emt 0:00:27]} Qe8 {
[%emt 0:00:13]} 17. Nb1 {[%emt 0:00:26]} Qg6 {[%emt 0:00:09]} 18. Nbd2 {[%emt
0:00:20]} Nh5 {[%emt 0:00:06]} 19. Rfe1 {[%emt 0:00:11]} Nf4 {[%emt 0:00:04]}
20. Qf1 {[%emt 0:00:01]} Rf6 {[%emt 0:00:50]} 21. Nxe5 {[%emt 0:01:03]} Nxe5 {
[%emt 0:00:11]} 22. Bxd4 {[%emt 0:00:01]} Qh5 {[%emt 0:00:13]} 23. g3 {[%emt 0:
00:23]} Nh3+ {[%emt 0:00:11]} 24. Kg2 {[%emt 0:00:00]} Rg6 {[%emt 0:00:30] '}
25. Bxe5 {[%emt 0:00:08]} Qxe5 {[%emt 0:00:04]} 26. Kxh3 {[%emt 0:00:02]} Qh5+
{[%emt 0:00:17]} 27. Kg2 {[%emt 0:00:01]} Rf8 {[%emt 0:00:10]} 28. Qe2 {[%emt
0:00:02]} Qe5 {[%emt 0:00:11]} 29. c3 {[%emt 0:00:02]} h5 {[%emt 0:00:09]} 30.
Nf3 {[%emt 0:00:01]} Qc5 {[%emt 0:00:24]} 31. Rd7 {[%emt 0:00:03]} h4 {[%emt 0:
00:05]} 32. Nd4 {[%emt 0:00:01]} hxg3 {[%emt 0:00:06]} 33. hxg3 {[%emt 0:00:01]
} Bd6 {[%emt 0:00:23]} 34. Nf3 {[%emt 0:00:04]} Bb8 {[%emt 0:00:15]} 35. Red1 {
[%emt 0:00:02]} Qh5 {[%emt 0:00:04]} 36. R1d2 {[%emt 0:00:03]} Rgf6 {[%emt 0:
00:05]} 37. Nh4 {[%emt 0:00:04]} Rxf2+ {[%emt 0:00:05]} 38. Qxf2 {[%emt 0:00:
01]} Rxf2+ {[%emt 0:00:02]} 39. Rxf2 {[%emt 0:00:00]} Qe5 {[%emt 0:00:12]} 40.
Rd3 {[%emt 0:00:04]} Kh7 {[%emt 0:00:09]} 41. Re3 {[%emt 0:00:01]} Qb5 {[%emt
0:00:03]} 42. Nf3 {[%emt 0:00:02]} Ba7 {[%emt 0:00:03]} 43. Nd4 {[%emt 0:00:01]
} Qe5 {[%emt 0:00:05]} 44. Ref3 {[%emt 0:00:02]} Qh5 {[%emt 0:00:03]} 45. Re2 {
[%emt 0:00:01]} e5 {[%emt 0:00:01]} 46. Nc2 {[%emt 0:00:01]} Bb6 {[%emt 0:00:
02]} 47. Ne3 {[%emt 0:00:01]} Bxe3 {[%emt 0:00:02]} 48. Rfxe3 {[%emt 0:00:01]}
Qg6 {[%emt 0:00:02]} 49. Rf3 {[%emt 0:00:00]} Qb6 {[%emt 0:00:02]} 50. Rd3 {
[%emt 0:00:01]} Qb3 {[%emt 0:00:01]} 51. Rd5 {[%emt 0:00:02]} Qa4 {[%emt 0:00:
02]} 52. Rxe5 {[%emt 0:00:01]} Qc6 {[%emt 0:00:02]} 53. Rf5 {[%emt 0:00:01]} g6
{[%emt 0:00:02]} 54. Rf3 {[%emt 0:00:02]} Qe6 {[%emt 0:00:02]} 55. Rfe3 {[%emt
0:00:01]} Qb3 {[%emt 0:00:01]} 56. Kf2 {[%emt 0:00:01]} Qe6 {[%emt 0:00:02]}
57. e5 {[%emt 0:00:01]} Qh3 {[%emt 0:00:01]} 58. Kf3 {[%emt 0:00:01]} Qh5+ {
[%emt 0:00:02]} 59. Kg2 {[%emt 0:00:01]} Qf5 {[%emt 0:00:03]} 60. e6 {[%emt 0:
00:01]} Qf8 {[%emt 0:00:02]} 61. e7 {[%emt 0:00:01]} Qe8 {[%emt 0:00:01]} 62.
Re6 {[%emt 0:00:02]} Kg7 {[%emt 0:00:02]} 63. R2e5 {[%emt 0:00:05]} Kf7 {[%emt
0:00:02]} 64. Re2 {[%emt 0:00:02]} Qc8 {[%emt 0:00:03]} 65. R6e3 {[%emt 0:00:
01]} Qd7 {[%emt 0:00:04]} 66. e8=Q+ {[%emt 0:00:01]} Qxe8 {[%emt 0:00:01]} 67.
Rxe8 {[%emt 0:00:01] Mehdi1783 abandonne} 1-0

[Event "T-Director's Swiss sytem"]
[Site "playchess.com #662980"]
[Date "2014.03.16"]
[Round "5"]
[White "carokan"]
[Black "Chrisj555"]
[Result "1-0"]
[WhiteElo "1871"]
[BlackElo "2120"]
[PlyCount "149"]
[EventDate "2014.03.16"]
[EventType "swiss (blitz)"]

1. d4 {[%emt 0:00:02]} f5 {[%emt 0:00:02]} 2. c4 {[%emt 0:00:01]} e6 {[%emt 0:
00:01]} 3. Nc3 {[%emt 0:00:01]} Nf6 {[%emt 0:00:05]} 4. Bf4 {[%emt 0:00:02]} c6
{[%emt 0:00:02]} 5. Nf3 {[%emt 0:00:01]} d5 {[%emt 0:00:01]} 6. e3 {[%emt 0:00:
01]} Be7 {[%emt 0:00:01]} 7. Qc2 {[%emt 0:00:02]} O-O {[%emt 0:00:02]} 8. Bd3 {
[%emt 0:00:01]} g6 {[%emt 0:00:01]} 9. Ne5 {[%emt 0:00:04]} b6 {[%emt 0:00:02]}
10. h3 {[%emt 0:00:02]} Bb7 {[%emt 0:00:03]} 11. cxd5 {[%emt 0:00:08]} exd5 {
[%emt 0:00:03]} 12. O-O {[%emt 0:00:06]} Nbd7 {[%emt 0:00:04]} 13. Rac1 {[%emt
0:00:04]} Rc8 {[%emt 0:00:02]} 14. Qa4 {[%emt 0:00:05]} a5 {[%emt 0:00:05]} 15.
Nxd7 {[%emt 0:00:03]} Qxd7 {[%emt 0:00:09]} 16. Nb1 {[%emt 0:00:05]} Ne4 {
[%emt 0:00:23]} 17. Bxe4 {[%emt 0:00:16]} fxe4 {[%emt 0:00:02]} 18. Bg3 {[%emt
0:00:03]} Ra8 {[%emt 0:00:07]} 19. Qb3 {[%emt 0:00:03]} b5 {[%emt 0:00:02]} 20.
a3 {[%emt 0:00:05]} a4 {[%emt 0:00:02]} 21. Qc2 {[%emt 0:00:02]} Rac8 {[%emt 0:
00:17]} 22. Rfd1 {[%emt 0:00:04]} Ba6 {[%emt 0:00:03]} 23. Nc3 {[%emt 0:00:06]}
Qf5 {[%emt 0:00:18]} 24. Qe2 {[%emt 0:00:06]} h5 {[%emt 0:00:03]} 25. Na2 {
[%emt 0:00:04]} h4 {[%emt 0:00:10]} 26. Be5 {[%emt 0:00:04]} Rf7 {[%emt 0:01:
11]} 27. Nb4 {[%emt 0:00:07]} Bxb4 {[%emt 0:00:02]} 28. axb4 {[%emt 0:00:01]}
Bb7 {[%emt 0:00:01]} 29. Rf1 {[%emt 0:00:07]} Rcf8 {[%emt 0:00:01]} 30. f4 {
[%emt 0:00:02]} Qd7 {[%emt 0:00:16]} 31. Qg4 {[%emt 0:00:18]} Qxg4 {[%emt 0:00:
02]} 32. hxg4 {[%emt 0:00:02]} Kh7 {[%emt 0:00:07]} 33. g5 {[%emt 0:00:01]} Ra8
{[%emt 0:00:03]} 34. Ra1 {[%emt 0:00:03]} Ra6 {[%emt 0:00:02]} 35. Ra3 {[%emt
0:00:02]} Bc8 {[%emt 0:00:01]} 36. Kf2 {[%emt 0:00:04]} h3 {[%emt 0:00:13]} 37.
Rh1 {[%emt 0:00:02]} Kg8 {[%emt 0:00:03]} 38. gxh3 {[%emt 0:00:01]} Bf5 {[%emt
0:00:02]} 39. Kg3 {[%emt 0:00:01]} Rf8 {[%emt 0:00:02]} 40. h4 {[%emt 0:00:02]}
Kf7 {[%emt 0:00:02]} 41. h5 {[%emt 0:00:01]} gxh5 {[%emt 0:00:03]} 42. Rxh5 {
[%emt 0:00:03]} Bg6 {[%emt 0:00:01]} 43. Rh6 {[%emt 0:00:05]} Rg8 {[%emt 0:00:
01]} 44. Kf2 {[%emt 0:00:08]} Ke6 {[%emt 0:00:02]} 45. Kg3 {[%emt 0:00:05]} Kf5
{[%emt 0:00:01]} 46. Rh8 {[%emt 0:00:03]} Raa8 {[%emt 0:00:08]} 47. Rxg8 {
[%emt 0:00:03]} Rxg8 {[%emt 0:00:01]} 48. Rc3 {[%emt 0:00:03]} Rc8 {[%emt 0:00:
02]} 49. Rc1 {[%emt 0:00:04]} Ke6 {[%emt 0:00:13]} 50. Rh1 {[%emt 0:00:08]} Ra8
{[%emt 0:00:01]} 51. Rh6 {[%emt 0:00:06]} Kf5 {[%emt 0:00:01]} 52. Rh8 {[%emt
0:00:03]} Ra7 {[%emt 0:00:10]} 53. Rf8+ {[%emt 0:00:05]} Ke6 {[%emt 0:00:05]}
54. Rf6+ {[%emt 0:00:02]} Ke7 {[%emt 0:00:01]} 55. Rxg6 {[%emt 0:00:02]} Ra6 {
[%emt 0:00:02]} 56. Rg7+ {[%emt 0:00:03]} Ke6 {[%emt 0:00:01]} 57. Rh7 {[%emt
0:00:04]} a3 {[%emt 0:00:02]} 58. bxa3 {[%emt 0:00:01]} Rxa3 {[%emt 0:00:01]}
59. Rh6+ {[%emt 0:00:00]} Kd7 {[%emt 0:00:02]} 60. Rd6+ {[%emt 0:00:02]} Kc7 {
[%emt 0:00:01]} 61. Rxd5+ {[%emt 0:00:01]} Kb6 {[%emt 0:00:01]} 62. Rd8 {[%emt
0:00:06]} Rxe3+ {[%emt 0:00:01]} 63. Kg4 {[%emt 0:00:02]} Rb3 {[%emt 0:00:10]}
64. Bd6 {[%emt 0:00:02]} e3 {[%emt 0:00:05]} 65. Bc5+ {[%emt 0:00:00]} Kb7 {
[%emt 0:00:01]} 66. Re8 {[%emt 0:00:01]} Kc7 {[%emt 0:00:02]} 67. Re7+ {[%emt
0:00:02]} Kd8 {[%emt 0:00:01]} 68. Kf3 {[%emt 0:00:02]} Rc3 {[%emt 0:00:01]}
69. Rxe3 {[%emt 0:00:02]} Rc1 {[%emt 0:00:03]} 70. Ke4 {[%emt 0:00:03]} Ke8 {
[%emt 0:00:05]} 71. Kf5+ {[%emt 0:00:01]} Kf7 {[%emt 0:00:01]} 72. g6+ {[%emt
0:00:02]} Kg7 {[%emt 0:00:01]} 73. Re7+ {[%emt 0:00:02]} Kg8 {[%emt 0:00:01]}
74. Kf6 {[%emt 0:00:02]} Rf1 {[%emt 0:00:01]} 75. Re8# {[%emt 0:00:01]} 1-0

[Event "T-Director's Swiss sytem"]
[Site "playchess.com #662980"]
[Date "2014.03.16"]
[Round "7"]
[White "carokan"]
[Black "MatildaAB"]
[Result "0-1"]
[WhiteElo "1896"]
[BlackElo "2088"]
[PlyCount "26"]
[EventDate "2014.03.16"]
[EventType "swiss (blitz)"]

1. d4 {[%emt 0:00:02]} f5 {[%emt 0:00:02]} 2. c4 {[%emt 0:00:02]} Nf6 {[%emt 0:
00:02]} 3. Nc3 {[%emt 0:00:01]} g6 {[%emt 0:00:02]} 4. Bg5 {[%emt 0:00:03]} Bg7
{[%emt 0:00:03]} 5. Qd2 {[%emt 0:00:02]} h6 {[%emt 0:00:12]} 6. Bf4 {[%emt 0:
00:02]} d6 {[%emt 0:00:11]} 7. h4 {[%emt 0:00:04]} Nc6 {[%emt 0:00:06]} 8. Nd5
{[%emt 0:00:03]} Ne4 {[%emt 0:00:13]} 9. Qd1 {[%emt 0:00:13]} Bxd4 {[%emt 0:00:
08]} 10. e3 {[%emt 0:00:03]} Bxb2 {[%emt 0:00:09]} 11. Bd3 {[%emt 0:00:04]} e6
{[%emt 0:00:10]} 12. Bxe4 {[%emt 0:00:18]} fxe4 {[%emt 0:00:02]} 13. Qg4 {
[%emt 0:00:02]} Rg8 {[%emt 0:00:14] carokan Abandona} 0-1

[Event "T-Director's Swiss sytem"]
[Site "playchess.com #662980"]
[Date "2014.03.16"]
[Round "4"]
[White "carokan"]
[Black "Moustafa"]
[Result "1-0"]
[WhiteElo "1844"]
[BlackElo "2083"]
[PlyCount "37"]
[EventDate "2014.03.16"]
[EventType "swiss (blitz)"]

1. d4 {[%emt 0:00:26]} f5 {[%emt 0:00:03]} 2. c4 {[%emt 0:00:03]} Nf6 {[%emt 0:
00:01]} 3. Nc3 {[%emt 0:00:01]} g6 {[%emt 0:00:01]} 4. g3 {[%emt 0:00:04]} Bg7
{[%emt 0:00:01]} 5. Bg2 {[%emt 0:00:00]} O-O {[%emt 0:00:02]} 6. Nh3 {[%emt 0:
00:03]} d6 {[%emt 0:00:02]} 7. O-O {[%emt 0:00:02]} c6 {[%emt 0:00:01]} 8. d5 {
[%emt 0:00:06]} e5 {[%emt 0:00:02]} 9. dxe6 {[%emt 0:00:04]} Bxe6 {[%emt 0:00:
01]} 10. Bf4 {[%emt 0:00:05]} Bxc4 {[%emt 0:00:15]} 11. Bxd6 {[%emt 0:00:02]}
Re8 {[%emt 0:00:04]} 12. Re1 {[%emt 0:00:14]} Nbd7 {[%emt 0:00:17]} 13. b3 {
[%emt 0:00:08]} Bf7 {[%emt 0:00:04]} 14. Ng5 {[%emt 0:00:03]} Bd5 {[%emt 0:00:
14]} 15. Nxd5 {[%emt 0:00:18]} Nxd5 {[%emt 0:00:00]} 16. Bxd5+ {[%emt 0:00:02]}
cxd5 {[%emt 0:00:15]} 17. Qxd5+ {[%emt 0:00:04]} Kh8 {[%emt 0:00:07]} 18. Nf7+
{[%emt 0:00:02]} Kg8 {[%emt 0:00:02]} 19. Nh6+ {[%emt 0:00:02] Moustafa resigns
} 1-0